000 03761cam a22003371i 4500
003 SA-RiAUC
005 20250815110627.0
008 250813s1986 ua g f000 0 ara c
040 _aAE-AiULD
_bara
_cSA-RiAUC
_erda
082 0 4 _a212.1
_qSA-RiAUC
090 _a212.1
_bح ك ي
100 1 _aالحكيم الترمذي، محمد بن علي بن الحسن،
_dتوفي حوالي 320 هجري
_eمؤلف.
245 1 2 _aالمنهيات /
_cأبي عبد الله محمد بن علي الحكيم الترمذي ؛ دراسة وتحقيق محمد عثمان الخشت.
264 1 _aالقاهرة :
_bمكتبة القرآن،
_c1986.
300 _a263 صفحة ؛
_c24 سم.
336 _aنص
_btxt
_2rdacontent
_3كتاب
337 _aبدون وسيط
_bn
_2rdamedia
338 _aمجلد
_bnc
_2rdacarrier
490 0 _aاخترت لك من التراث
650 7 _aالأمر بالمعروف والنهي عن المنكر
_2aucsh
650 7 _aالثواب والعقاب
_2aucsh
650 7 _aالوعظ والإرشاد
_2aucsh
700 1 _aالخشت، محمد عثمان،
_d1964-
_eمحقق.
700 1 2 _iتحقيق لـ (عمل) :
_aالحكيم الترمذي، محمد بن علي بن الحسن،
_dتوفي حوالي 320 هجري
_tالمنهيات.
856 _uhttp://www.alwaraq.net/Core/waraq/coverpage?bookid=1102&option=1
_yExternal Link
_2 نرجو الانتباه لإمكانية وجود اختلاف في الطبعة أو الناشر بين البيانات على البوابة وما ستجده على الكتاب نظرا لمحدودية المعلومات المتاحة على الموقع الناشر للمادة.
_3Please note that there may be a difference in the edition or publisher between the data on the portal and the book due to the limited information available on the publisher website for the material.
856 _uhttp://www.alwaraq.net/Core/AlwaraqSrv/bookpage?book=1102&option=1&fkey=2&page=1
_yDigital Copy
_2 نرجو الانتباه لإمكانية وجود اختلاف في الطبعة أو الناشر بين البيانات على البوابة وما ستجده على الكتاب نظرا لمحدودية المعلومات المتاحة على الموقع الناشر للمادة.
_3Please note that there may be a difference in the edition or publisher between the data on the portal and the book due to the limited information available on the publisher website for the material.
856 _uhttp://www.alwaraq.net/Core/waraq/coverpage?bookid=1102&.option=1
_yExternal Link
_2 نرجو الانتباه لإمكانية وجود اختلاف في الطبعة أو الناشر بين البيانات على البوابة وما ستجده على الكتاب نظرا لمحدودية المعلومات المتاحة على الموقع الناشر للمادة.
_3Please note that there may be a difference in the edition or publisher between the data on the portal and the book due to the limited information available on the publisher website for the material.
856 _uhttp://www.alwaraq.net/Core/AlwaraqSrv/bookpage?book=1102&.option=1&fkey=2&page=1
_yDigital Copy
_2 نرجو الانتباه لإمكانية وجود اختلاف في الطبعة أو الناشر بين البيانات على البوابة وما ستجده على الكتاب نظرا لمحدودية المعلومات المتاحة على الموقع الناشر للمادة.
_3Please note that there may be a difference in the edition or publisher between the data on the portal and the book due to the limited information available on the publisher website for the material.
942 _2ddc
_cBOOK
_n0
949 _aSA-JeALM
_d250813
_uosman123
_n1
999 _c10785
_d10785